Statistics for Last Syllable Chain Quiz #1

Click here to take the quiz!

General Stats

  • This quiz has been taken 64 times
  • The average score is 14 of 23

Answer Stats

HintAnswer% Correct
Not drunkSober
96%
Person in command of a shipCaptain
94%
An annual horse race sometimes held in KentuckyDerby
84%
To accept something as trueBelieve
76%
A rabbit, especially a young oneBunny
76%
The patellaKneecap
73%
A person who watches a show, game, or eventSpectator
73%
Dry, flammable material or a dating appTinder
73%
Styled facial hair on a man's chin but not his cheeksGoatee
71%
Native American conical tent made of skins, cloth, or canvasTeepee
71%
Iinfluential Spanish artist who lived in France (1881-1973)Picasso
61%
Relating to the mindMental
59%
A person accused or suspected of committing a crimeSuspect
57%
Severe physical or mental sufferingTorment
55%
Against, especially in sports and legal useVersus
55%
Barrel-aged distilled spirit made primarily from cornBourbon
51%
R and B singer of "Umbrella"Rhianna
47%
Covered with furFurry
45%
A person who leaves a place or positionLeaver
45%
To put off an action or event to a later timeDefer
39%
A fertilized ovumZygote
37%
The body of Jewish civil and ceremonial law and legendTalmud
33%
Sudden bouts of gloominess or sullennessMoody
27%

Score Distribution

Percentile by Number Answered

Percent of People with Each Score

Your Score History

You have not taken this quiz